00572nam a2200169Ia 4500952012900000999001700129003000400146005001700150008004100167040000900208082002200217100001600239245004100255260004700296300000900343942005000352 00102ddc40708SSaMESbMEScMALd2019-02-20g5.00l0o894.812301 KER/Ip3970r2019-02-20 00:00:00w2019-02-20yBKzGR30R2 c30272d30272OSt20211117143218.0190216s9999||||xx |||||||||||||| ||und|| coclc a894.812301bKER/I aRama Varier 0aIrayimman Thambiyude Aattakathakal / bKerala Sahitya Academy, aThrissur:c1970. a287p cBK2ddch894.812301iKER/Ik894.812301mKER/I